Statistics for 11 Steps of Archery Success

Click here to take the quiz!

General Stats

  • This quiz has been taken 6 times
  • The average score is 7 of 11

Answer Stats

Answer% Correct
1Stance
100%
8Aim
67%
7Anchor
67%
2Nock
67%
10Release
67%
4Set Bow Hand
67%
3Set Draw Hand
67%
6Draw
50%
11Follow Through & Reflect
50%
5Pre-Draw
50%
9Shot Set-Up
50%

Score Distribution

Percentile by Number Answered

Percent of People with Each Score

Your Score History

You have not taken this quiz